Szczegóły MARC21

Fitness : teoretyczne i metodyczne podstawy prowadzenia zajęć : podręcznik dla studentów wychowania fizycznego i instruktorów fitne ss /

005 -DATA I CZAS OSTATNIEJ MODYFIKACJI [,]
    • @
    • pole kontrolne
    • 20070315155141.9
020 -Międzynarod. znormalizowany nr książki - ISBN [ , ]
    • a
    • Numer ISBN
    • 8387478490 Find
040 -Instytucja sporządzająca opis [ , ]
    • a
    • Instytucja, która sporządziła opis (NP)
    • SZCZ U
    • c
    • Instytucja, która sporządziła rekord (NP)
    • SZCZ U
041 -Język dokumentu [0, ]
    • a
    • Język tekstu (P)
    • polski
    • h
    • Język tekstu oryginalnego i/lub pośredniego (P)
    • polski
942 -Rodzaj dokumentu [ , ]
    • c
    • Rodzaj dokumentu
    • Książka
100 -Hasło główne - nazwa osobowa [ , ]
    • a
    • Nazwa osobowa (NP)
    • OLEX-MIERZEJEWSKA, DOROTA
245 -Strefa tytułu i oznaczenia odpowiedzialności [1, ]
    • a
    • Tytuł
    • Fitness : Find
    • b
    • Ciąg dalszy tytułu (NP)
    • teoretyczne i metodyczne podstawy prowadzenia zajęć : podręcznik dla studentów wychowania fizycznego i instruktorów fitne ss / Find
    • c
    • Pozostałe elementy strefy tytułu i oznaczenia odpowiedzialności (NP)
    • Dorota Olex-Mierzejewska.
260 -Strefa adresu wydawniczego [ , ]
    • a
    • Miejsce wydania (P)
    • Katowice :
    • b
    • Nazwa wydawcy (P)
    • J.and D.Gębka,
    • c
    • Data wydania (P)
    • 2002.
300 -Strefa opisu fizycznego [ , ]
    • a
    • Określenie formy książki i/lub objętość (NP)
    • 220 s. :
    • b
    • Oznaczenie ilustracji (NP)
    • fot., rys., wykr. :
    • c
    • Format (NP)
    • 25 cm.
500 -Uwaga ogólna [ , ]
    • a
    • Uwaga ogólna (NP)
    • Bibliogr
080 -Uniwersalna Klasyfikacja Dziesiętna [ , ]
    • a
    • Symbol klasyfikacji
    • 796.41.015
    • 9
    • UKD
    • 12050
    • 2
    • Identyfikator wydania tablic
    • UDC-P058
    • b
    • Dopowiedzenie
    • Gimnastyka. Gimnastyka rytmiczna. Aerobik. Fitness. - Trening. Przygotowanie sportowe.
980 -Symbol UKD [ , ]
    • a
    • UKD
    • 796.41.015
920 -ISBN [ , ]
    • a
    • ISBN
    • 83-87478-49-0 Find
Status udost. Numer inwentarzowy Data inwentaryzacji Sygnatura Lokalizacja
1WF.75042004-02-25Nowoczesne formy gimnastyczne 06BM